One billion hungry. (Record no. 7388)
[ view plain ]
| 000 -LEADER | |
|---|---|
| fixed length control field | 01750cam a22003494a 4500 |
| 001 - CONTROL NUMBER | |
| control field | 17246842 |
| 003 - CONTROL NUMBER IDENTIFIER | |
| control field | OSt |
| 005 - DATE AND TIME OF LATEST TRANSACTION | |
| control field | 20211026093002.0 |
| 008 - FIXED-LENGTH DATA ELEMENTS--GENERAL INFORMATION | |
| fixed length control field | 120406s2012 nyua b 001 0 eng c |
| 010 ## - LIBRARY OF CONGRESS CONTROL NUMBER | |
| LC control number | 2012014403 |
| 020 ## - INTERNATIONAL STANDARD BOOK NUMBER | |
| International Standard Book Number | 9780801451331 (cloth : alk. paper) |
| 020 ## - INTERNATIONAL STANDARD BOOK NUMBER | |
| International Standard Book Number | 9780801478024 (pbk. : alk. paper) |
| 020 ## - INTERNATIONAL STANDARD BOOK NUMBER | |
| Canceled/invalid ISBN | 9780801466106 (ebook) |
| 040 ## - CATALOGING SOURCE | |
| Original cataloging agency | NIC/DLC |
| Transcribing agency | DDC |
| 042 ## - AUTHENTICATION CODE | |
| Authentication code | pcc |
| 043 ## - GEOGRAPHIC AREA CODE | |
| Geographic area code | d------ |
| 050 00 - LIBRARY OF CONGRESS CALL NUMBER | |
| Classification number | S494.5.I5 |
| Item number | C663 2012 |
| 082 00 - DEWEY DECIMAL CLASSIFICATION NUMBER | |
| Classification number | 943.9CON 2012 |
| 100 1# - MAIN ENTRY--PERSONAL NAME | |
| Personal name | Conway, Gordon.; |
| 9 (RLIN) | 15128 |
| 245 10 - TITLE STATEMENT | |
| Title | One billion hungry. |
| Remainder of title | Can we feed the world? |
| Statement of responsibility, etc. | Edited by Conway,Gordon and Wilson,Katy; foreword by Shah,Rajiv; |
| 260 ## - PUBLICATION, DISTRIBUTION, ETC. (IMPRINT) | |
| Place of publication, distribution, etc. | London. |
| Name of publisher, distributor, etc. | Comstock Pub. Associates, |
| Date of publication, distribution, etc. | 2012. |
| 300 ## - PHYSICAL DESCRIPTION | |
| Extent | xvii,439p; |
| Other physical details | ill.(some col.) ; |
| Dimensions | 24cm. |
| 500 ## - GENERAL NOTE | |
| General note | "Published with the support of Agriculture for Impact, Imperial College, London." |
| 504 ## - BIBLIOGRAPHY, ETC. NOTE | |
| Bibliography, etc | Includes; bibliographical references and index. |
| 505 0# - FORMATTED CONTENTS NOTE | |
| Formatted contents note | Acute and chronic crises -- What is hunger? -- The Green Revolution -- The political economy of food security -- A doubly green revolution -- Sustainable intensification -- Appropriate technology -- Creating markets -- Designer crops -- The livestock revolution -- Farmers as innovators -- Controlling pests -- Rooted in the soil -- Sustained by water -- Adapting to climate change -- Reducing greenhouse gases -- Conclusion : can we feed the world?. |
| 650 #0 - SUBJECT ADDED ENTRY--TOPICAL TERM | |
| Topical term or geographic name as entry element | Agriculture. |
| 9 (RLIN) | 4591 |
| 700 1# - ADDED ENTRY--PERSONAL NAME | |
| Personal name | Wilson, Katy. |
| 9 (RLIN) | 15129 |
| 700 1# - ADDED ENTRY--PERSONAL NAME | |
| Personal name | Conway, Gordon. |
| Title of a work | Doubly green revolution. |
| 9 (RLIN) | 15130 |
| 906 ## - LOCAL DATA ELEMENT F, LDF (RLIN) | |
| a | 7 |
| b | cbc |
| c | orignew |
| d | 1 |
| e | ecip |
| f | 20 |
| g | y-gencatlg |
| 942 ## - ADDED ENTRY ELEMENTS (KOHA) | |
| Source of classification or shelving scheme | Dewey Decimal Classification |
| Koha item type | Open Shelf |
| Withdrawn status | Lost status | Source of classification or shelving scheme | Damaged status | Not for loan | Home library | Current library | Date acquired | Source of acquisition | Inventory number | Total Checkouts | Full call number | Barcode | Date last seen | Price effective from | Koha item type |
|---|---|---|---|---|---|---|---|---|---|---|---|---|---|---|---|
| Dewey Decimal Classification | MUST Main Library | MUST Main Library | 26/10/2021 | Purchase | 21/41613 | 943.9CON 2012 | 2021-1539 | 26/10/2021 | 26/10/2021 | Open Shelf |
